000
00302 a2200109 4500
001
ART_41696
005
20260410161755.0
008
260409a
245
1
0
_a
Convenio multilateral
100
1
_a
García, Fernando D.
773
0
_t
Doctrina tributaria
_g
- Nº 371 (feb. 2011)
_w
REV4296
999
_c
20023
_d
20023